000 00662nam a2200241 4500
999 _c1329
_d1329
001 bimo0001282613
003 SpMaBN
005 20210527155840.0
008 960730s1995 ck b 001 0 spa
020 _a9581402500
040 _bEspañol
_cUdeCO
082 _a801.954
_bC357a
100 1 _aCataño, Gonzalo
_d1945-
245 1 3 _aLa artesanía intelectual /
_cGonzalo Cataño.
260 _aSantafé de Bogotá :
_bPlaza & Janés,
_c1995.
300 _a137 p.
_c23 cm.
504 _aIncluye índice de nombres
546 _aEspañol
650 7 _aArte de escribir
650 7 _aEdición académica
650 0 _aSociología
_987
942 _2ddc
_cBK